[Event "4NCL/Div3/SWD2 vs. SLOS3"]
[Site "Coventry ENG"]
[Date "2006.11.12"]
[Round "4.1"]
[White "Trevelyan, John"]
[Black "Linford, Charles"]
[Result "1/2-1/2"]
[WhiteElo "2228"]
[BlackElo "2142"]
[PlyCount "104"]
[EventDate "2006.11.12"]
[EventType "team"]
[EventRounds "11"]
[EventCountry "ENG"]
[WhiteTeam "S W Dragons 2"]
[BlackTeam "Slough Sharks 3"]

1. d4 Nf6 2. c4 e6 3. Nf3 b6 4. g3 Bb4+ 5. Bd2 Be7 6. Bg2 c6 7. Nc3 d5 8. cxd5
cxd5 9. O-O O-O 10. Ne5 Bb7 11. Bg5 Nfd7 12. Bxe7 Qxe7 13. Nxd7 Nxd7 14. Rc1
Rfd8 15. Qd2 Nf6 16. a3 Rd7 17. Na2 Ne4 18. Qb4 Qf6 19. Qb5 Rad8 20. e3 Nd2 21.
Rfe1 Nf3+ 22. Bxf3 Qxf3 23. Qe2 Qf5 24. f4 f6 25. Rc3 Re8 26. Qc2 Qg4 27. Rc7
Rde7 28. Rxe7 Rxe7 29. Qe2 Qxe2 30. Rxe2 Rc7 31. Kf2 Kf7 32. Nb4 a5 33. Rc2
Rxc2+ 34. Nxc2 Bc6 35. Ne1 Kg6 36. Nf3 Kf5 37. Nd2 Ba4 38. b3 Bb5 39. Kf3 h5
40. h3 Bd3 41. g4+ hxg4+ 42. hxg4+ Kg6 43. b4 axb4 44. axb4 Kf7 45. e4 Ke7 46.
exd5 exd5 47. Ke3 Bc2 48. g5 Bf5 49. gxf6+ gxf6 50. Nf1 Kd6 51. Kd2 Bg4 52. Ne3
Bd7 1/2-1/2

[Event "4NCL/Div3/SWD2 vs. SLOS3"]
[Site "Coventry ENG"]
[Date "2006.11.12"]
[Round "4.2"]
[White "Ruston, Mark R"]
[Black "Spice, Alan"]
[Result "1-0"]
[WhiteElo "2086"]
[BlackElo "2205"]
[PlyCount "113"]
[EventDate "2006.11.12"]
[EventType "team"]
[EventRounds "11"]
[EventCountry "ENG"]
[WhiteTeam "Slough Sharks 3"]
[BlackTeam "S W Dragons 2"]

1. e4 e6 2. d4 d5 3. Nd2 Nc6 4. Ngf3 Nf6 5. e5 Nd7 6. Nb3 a5 7. a4 b6 8. Bb5
Ncb8 9. Ng5 h6 10. Nxe6 fxe6 11. Qh5+ Ke7 12. Bg5+ hxg5 13. Qxh8 Qe8 14. Be2
Kd8 15. Qh3 Na6 16. O-O c5 17. Bg4 Nc7 18. c3 Ba6 19. Rfe1 Qg6 20. dxc5 Bxc5
21. Nd4 Bxd4 22. cxd4 Bd3 23. Re3 Bf5 24. Rf3 Be4 25. Rc3 Bf5 26. Rac1 Ne8 27.
Rf3 Bxg4 28. Qxg4 Rc8 29. Rxc8+ Kxc8 30. h4 Qb1+ 31. Kh2 Nc7 32. Qxg5 Qxb2 33.
Rf4 b5 34. Qxg7 bxa4 35. h5 a3 36. h6 Qc1 37. Qg5 Qb1 38. Qg8+ Kb7 39. h7 a2
40. h8=Q a1=Q 41. Qc8+ Kb6 42. Qhd8 Qc1 43. Kg3 Qxf4+ 44. Kxf4 Qxd4+ 45. Kg3
Qxe5+ 46. f4 Qc3+ 47. Kh2 Qc4 48. Qcxd7 Qxf4+ 49. Kh3 Qf5+ 50. g4 Qf1+ 51. Kh4
Qe1+ 52. Kh5 Qe5+ 53. g5 Qe2+ 54. Kh6 Qh2+ 55. Kg7 Qe5+ 56. Kg8 Kb7 57. Q8c8+
1-0

[Event "4NCL/Div3/SWD2 vs. SLOS3"]
[Site "Coventry ENG"]
[Date "2006.11.12"]
[Round "4.3"]
[White "Rees, Gwynfor"]
[Black "Cox, Tristan"]
[Result "0-1"]
[WhiteElo "2167"]
[BlackElo "2065"]
[PlyCount "103"]
[EventDate "2006.11.12"]
[EventType "team"]
[EventRounds "11"]
[EventCountry "ENG"]
[WhiteTeam "S W Dragons 2"]
[BlackTeam "Slough Sharks 3"]

1. d4 d5 2. c4 e6 3. cxd5 exd5 4. Nc3 Bb4 5. Qc2 c5 6. a3 cxd4 7. axb4 dxc3 8.
bxc3 Qf6 9. Nf3 Bf5 10. Qb3 Nc6 11. Bg5 Qd6 12. e3 Nf6 13. Bf4 Qd7 14. b5 Ne7
15. Ne5 Qe6 16. b6 O-O 17. bxa7 Nh5 18. Qxb7 Nxf4 19. exf4 f6 20. Ra6 Qc8 21.
Qxc8 Bxc8 22. Ra3 fxe5 23. fxe5 Nc6 24. Bb5 Rxa7 25. Rxa7 Nxa7 26. Ba4 Ba6 27.
g3 Rb8 28. Kd2 Rb2+ 29. Bc2 Bc4 30. Ra1 Bb3 31. Rxa7 Rxc2+ 32. Ke3 Rxc3+ 33.
Kf4 Rc8 34. Ke3 Rc4 35. f4 Re4+ 36. Kd2 Bc4 37. Kc3 h5 38. Kb4 Be2+ 39. Kc5 d4
40. Rd7 d3 41. Rd8+ Kf7 42. Kd5 Ke7 43. Rd6 Rxf4 44. gxf4 d2 45. Ke4 d1=Q 46.
Rxd1 Bxd1 47. Kf5 Bc2+ 48. Kg5 g6 49. Kh6 Ke6 50. Kg7 Kf5 51. h4 Bb3 52. Kh6
0-1

[Event "4NCL/Div3/SWD2 vs. SLOS3"]
[Site "Coventry ENG"]
[Date "2006.11.12"]
[Round "4.4"]
[White "Armstrong, Malcolm"]
[Black "Burton, Graham P"]
[Result "1/2-1/2"]
[WhiteElo "2101"]
[BlackElo "2115"]
[PlyCount "48"]
[EventDate "2006.11.12"]
[EventType "team"]
[EventRounds "11"]
[EventCountry "ENG"]
[WhiteTeam "Slough Sharks 3"]
[BlackTeam "S W Dragons 2"]

1. d4 Nf6 2. Nf3 c5 3. d5 e6 4. c4 exd5 5. cxd5 d6 6. Nc3 g6 7. e4 Bg7 8. h3
O-O 9. Bd3 Bd7 10. Bf4 Re8 11. O-O b5 12. Bxd6 b4 13. Ne2 Nxe4 14. Bxe4 Rxe4
15. Bxc5 Na6 16. Be3 Bb5 17. Qd2 Nc7 18. d6 Bxe2 19. Qxe2 Qxd6 20. Rfd1 Qa6 21.
Qxa6 Nxa6 22. Rd6 Nc7 23. Rc1 Nb5 24. Rd2 Ree8 1/2-1/2

[Event "4NCL/Div3/SWD2 vs. SLOS3"]
[Site "Coventry ENG"]
[Date "2006.11.12"]
[Round "4.5"]
[White "Bennion, David A"]
[Black "Varnam, Liam D"]
[Result "1/2-1/2"]
[WhiteElo "2099"]
[BlackElo "2046"]
[PlyCount "76"]
[EventDate "2006.11.12"]
[EventType "team"]
[EventRounds "11"]
[EventCountry "ENG"]
[WhiteTeam "S W Dragons 2"]
[BlackTeam "Slough Sharks 3"]

1. e4 e5 2. Bc4 Nc6 3. Nc3 Nf6 4. d3 d6 5. Bg5 Be7 6. Nf3 Bg4 7. h3 Bxf3 8.
gxf3 h6 9. Be3 g5 10. h4 gxh4 11. Rxh4 h5 12. Rh1 Na5 13. Bb5+ c6 14. Ba4 b5
15. Bb3 b4 16. Ne2 Nxb3 17. axb3 c5 18. Ra6 h4 19. Ng3 Nd7 20. Nf5 Nb8 21. Ra4
a5 22. f4 Nc6 23. Qg4 Bf6 24. Ng7+ Kf8 25. Nh5 Rg8 26. Qf5 Rg6 27. Ra1 exf4 28.
Nxf4 Rg5 29. Qh7 Bxb2 30. Nd5 Bxa1 31. Qh6+ Bg7 32. Qxg5 Qxg5 33. Bxg5 a4 34.
bxa4 Rxa4 35. Rxh4 Ra2 36. Kd1 Ra1+ 37. Kd2 Ra2 38. Kd1 Ra1+ 1/2-1/2

[Event "4NCL/Div3/SWD2 vs. SLOS3"]
[Site "Coventry ENG"]
[Date "2006.11.12"]
[Round "4.6"]
[White "Makepeace, Philip J"]
[Black "Thornton, John"]
[Result "1-0"]
[WhiteElo "1953"]
[BlackElo "2142"]
[PlyCount "63"]
[EventDate "2006.11.12"]
[EventType "team"]
[EventRounds "11"]
[EventCountry "ENG"]
[WhiteTeam "Slough Sharks 3"]
[BlackTeam "S W Dragons 2"]

1. e4 c5 2. Nf3 d6 3. d4 cxd4 4. Bc4 Nc6 5. Nxd4 Nf6 6. Nxc6 bxc6 7. Nc3 g6 8.
e5 Ng4 9. exd6 exd6 10. Qe2+ Qe7 11. Ne4 d5 12. Nd6+ Kd8 13. Qxe7+ Kxe7 14.
Nxc8+ Rxc8 15. Be2 f5 16. h3 Nf6 17. Be3 Rc7 18. O-O-O Bg7 19. Rd3 Rd8 20. Ra3
Rdd7 21. Bf4 Rb7 22. c3 Kf7 23. Ba6 Rb6 24. Bc8 Bf8 25. Ra4 Re7 26. Bd6 Re8 27.
Rxa7+ Kg8 28. Bc7 Bc5 29. Bxb6 Bxb6 30. Ra6 Bxf2 31. Rxc6 Re2 32. Rxf6 1-0

[Event "4NCL/Div3/SWD2 vs. SLOS3"]
[Site "Coventry ENG"]
[Date "2006.11.12"]
[Round "4.7"]
[White "van Kemenade, Rudy"]
[Black "Martin, Katie"]
[Result "1-0"]
[WhiteElo "2052"]
[BlackElo "1939"]
[PlyCount "60"]
[EventDate "2006.11.12"]
[EventType "team"]
[EventRounds "11"]
[EventCountry "ENG"]
[WhiteTeam "S W Dragons 2"]
[BlackTeam "Slough Sharks 3"]

1. d4 Nf6 2. Nf3 g6 3. c4 c5 4. Nc3 Bg7 5. d5 d6 6. Bg5 h6 7. Bh4 Na6 8. e3 Nc7
9. Be2 a6 10. a4 Rb8 11. O-O O-O 12. h3 Bd7 13. e4 Nfe8 14. Re1 b5 15. axb5
axb5 16. cxb5 Bxb5 17. e5 dxe5 18. Bxb5 Nxb5 19. Nxe5 Nd4 20. Nc6 Nxc6 21. dxc6
g5 22. Bg3 Qxd1 23. Raxd1 Bxc3 24. bxc3 Rc8 25. Rxe7 Rxc6 26. Rdd7 c4 27. Be5
Rc5 28. Bd4 Rc6 29. Kf1 Nd6 30. g4 Nb5 1-0

[Event "4NCL/Div3/SWD2 vs. SLOS3"]
[Site "Coventry ENG"]
[Date "2006.11.12"]
[Round "4.8"]
[White "Willis, Rupert"]
[Black "van Kemenade, Julie"]
[Result "1-0"]
[WhiteElo "1870"]
[BlackElo "1925"]
[PlyCount "59"]
[EventDate "2006.11.12"]
[EventType "team"]
[EventRounds "11"]
[EventCountry "ENG"]
[WhiteTeam "Slough Sharks 3"]
[BlackTeam "S W Dragons 2"]

1. c4 d6 2. d4 g6 3. Nc3 Bg7 4. Nf3 Nd7 5. g3 Ngf6 6. Bg2 O-O 7. O-O c6 8. e4
e5 9. Re1 Qc7 10. h3 Ne8 11. Rb1 f5 12. b4 Ndf6 13. c5 dxc5 14. bxc5 fxe4 15.
Nxe5 Nd5 16. Nxe4 Be6 17. Qc2 Rd8 18. f4 Nef6 19. Nd6 b5 20. Nxc6 Rxd6 21. cxd6
Qxd6 22. Rxb5 Rc8 23. Rc5 Nd7 24. Rxe6 Bxd4+ 25. Nxd4 Qxc5 26. Qxc5 Rxc5 27.
Nb3 Rb5 28. a4 Rxb3 29. Bxd5 Rb1 30. Rb6+ 1-0

[Event "4NCL/Div3/BRJ vs. BRI2"]
[Site "Coventry ENG"]
[Date "2006.11.12"]
[Round "4.1"]
[White "Richmond, Peter A"]
[Black "Lam, Paul"]
[Result "0-1"]
[WhiteElo "2248"]
[BlackElo "2096"]
[PlyCount "82"]
[EventDate "2006.11.12"]
[EventType "team"]
[EventRounds "11"]
[EventCountry "ENG"]
[WhiteTeam "Brown Jack"]
[BlackTeam "Bristol 2"]

1. e4 Nf6 2. e5 Nd5 3. Qf3 Nb6 4. d4 d5 5. c3 g6 6. Bd3 Bg7 7. Ne2 O-O 8. g4 f6
9. Qg3 c5 10. f4 cxd4 11. cxd4 f5 12. h3 Nc6 13. Nd2 a5 14. Nf3 Nb4 15. Bb1 Bd7
16. a3 Na6 17. Nc3 Rc8 18. Kf2 Rc6 19. Ba2 Nc7 20. Ne1 Qc8 21. Rg1 fxg4 22.
hxg4 Nc4 23. Nd3 Rf7 24. Ke2 Ne6 25. Qf2 Nxa3 26. Bxd5 Nc2 27. Bxe6 Bxe6 28.
Rxa5 Qd8 29. d5 Rxc3 30. bxc3 Bxg4+ 31. Rxg4 Qxa5 32. Qc5 Qa4 33. Kd2 Na1 34.
Qc8+ Rf8 35. Qe6+ Kh8 36. Rg1 Nb3+ 37. Ke3 Qa7+ 38. Ke2 Qxg1 39. Be3 Qb1 40.
Nf2 Qc2+ 41. Kf3 Nd2+ 0-1

[Event "4NCL/Div3/BRJ vs. BRI2"]
[Site "Coventry ENG"]
[Date "2006.11.12"]
[Round "4.2"]
[White "Curtis, John"]
[Black "Headlong, Timothy"]
[Result "1-0"]
[WhiteElo "2118"]
[BlackElo "2214"]
[PlyCount "121"]
[EventDate "2006.11.12"]
[EventType "team"]
[EventRounds "11"]
[EventCountry "ENG"]
[WhiteTeam "Bristol 2"]
[BlackTeam "Brown Jack"]

1. d4 d5 2. Nf3 e6 3. Nbd2 Nf6 4. e3 c5 5. c3 Nc6 6. Bd3 Be7 7. O-O O-O 8. dxc5
Bxc5 9. e4 Qc7 10. Qe2 Bd6 11. Re1 Ng4 12. h3 Nge5 13. Nxe5 Bxe5 14. Nf3 d4 15.
Nxe5 Qxe5 16. Bd2 b6 17. Rad1 Bb7 18. Qg4 Rfd8 19. Bf4 Qc5 20. Bh6 Qf8 21. e5
dxc3 22. bxc3 Ne7 23. Bg5 Rd5 24. Bxh7+ Kxh7 25. Qh4+ Kg8 26. Bxe7 Qe8 27. Rxd5
Bxd5 28. Qg5 Bxa2 29. Bf6 Qf8 30. Re3 Bb1 31. Rg3 Bg6 32. Be7 Qe8 33. h4 a5 34.
h5 a4 35. hxg6 a3 36. gxf7+ Qxf7 37. Bxa3 Rxa3 38. Qd8+ Qf8 39. Qxb6 Qf5 40.
Qd8+ Qf8 41. Qd4 Ra1+ 42. Kh2 Rf1 43. Rf3 Qb8 44. Qf4 Qe8 45. Qg5 Qd7 46. c4
Qd4 47. Rf4 Qd7 48. c5 Re1 49. Qh5 Rf1 50. Rh4 Rxf2 51. Qh8+ Kf7 52. Rg4 g6 53.
Qh7+ Ke8 54. Qxg6+ Kd8 55. Rh4 Rf8 56. Rh7 Qc6 57. Qg7 Re8 58. Qa7 Kc8 59. Qb6
Qxg2+ 60. Kxg2 Rg8+ 61. Rg7 1-0

[Event "4NCL/Div3/BRJ vs. BRI2"]
[Site "Coventry ENG"]
[Date "2006.11.12"]
[Round "4.4"]
[White "Dilleigh, Stephen P"]
[Black "Richmond, Jane"]
[Result "1/2-1/2"]
[WhiteElo "2130"]
[BlackElo "2163"]
[PlyCount "43"]
[EventDate "2006.11.12"]
[EventType "team"]
[EventRounds "11"]
[EventCountry "ENG"]
[WhiteTeam "Bristol 2"]
[BlackTeam "Brown Jack"]

1. d4 Nf6 2. c4 e6 3. Nc3 Bb4 4. e3 O-O 5. Bd3 c5 6. Nf3 d6 7. Qc2 Nc6 8. O-O
Bxc3 9. bxc3 e5 10. Ng5 h6 11. Ne4 Re8 12. dxc5 dxc5 13. Nxc5 b6 14. Ne4 Bb7
15. Ba3 Nxe4 16. Bxe4 Qc7 17. Bd5 Na5 18. Qe4 Bxd5 19. cxd5 Nc4 20. d6 Nxd6 21.
Bxd6 Qxd6 22. Rfd1 1/2-1/2

[Event "4NCL/Div3/BRJ vs. BRI2"]
[Site "Coventry ENG"]
[Date "2006.11.12"]
[Round "4.5"]
[White "Hall, Daniel J"]
[Black "Humphreys, Jerry"]
[Result "1-0"]
[WhiteElo "2059"]
[BlackElo "2106"]
[PlyCount "49"]
[EventDate "2006.11.12"]
[EventType "team"]
[EventRounds "11"]
[EventCountry "ENG"]
[WhiteTeam "Brown Jack"]
[BlackTeam "Bristol 2"]

1. e4 c5 2. Nf3 e6 3. d4 cxd4 4. Nxd4 Nf6 5. Nc3 d6 6. g4 h6 7. h4 Nc6 8. Rg1
h5 9. gxh5 Nxh5 10. Bg5 Nf6 11. Qd2 Be7 12. O-O-O a6 13. f4 Bd7 14. f5 Qc7 15.
fxe6 fxe6 16. Nxc6 bxc6 17. e5 dxe5 18. Qd3 Rb8 19. Qg6+ Kd8 20. Qxg7 Rf8 21.
Bxf6 Rxf6 22. Qh8+ Rf8 23. Rg8 Ke8 24. Qh5+ Kd8 25. Qf7 1-0

[Event "4NCL/Div3/BRJ vs. BRI2"]
[Site "Coventry ENG"]
[Date "2006.11.12"]
[Round "4.6"]
[White "Stewart, Joseph"]
[Black "Cabero, Pablo Padilla"]
[Result "1/2-1/2"]
[WhiteElo "2020"]
[BlackElo "2085"]
[PlyCount "113"]
[EventDate "2006.11.12"]
[EventType "team"]
[EventRounds "11"]
[EventCountry "ENG"]
[WhiteTeam "Bristol 2"]
[BlackTeam "Brown Jack"]

1. e4 Nf6 2. e5 Nd5 3. c4 Nb4 4. d4 c5 5. d5 d6 6. exd6 Bf5 7. Na3 exd6 8. Nf3
Be7 9. Be2 Bf6 10. O-O a6 11. Qb3 O-O 12. Bd2 Re8 13. Rfe1 a5 14. Bc3 Nd7 15.
Qd1 h6 16. Bf1 Qb6 17. Rxe8+ Rxe8 18. Ne1 Ne5 19. Nb5 Ra8 20. a3 Na6 21. Qd2
Nc7 22. a4 Ne8 23. h3 Qd8 24. f4 Ng6 25. Nf3 Nh4 26. Nxh4 Bxh4 27. g4 Bh7 28.
Bd3 Bxd3 29. Qxd3 Qe7 30. Rf1 Nc7 31. Rf3 Nxb5 32. axb5 b6 33. Re3 Qd7 34. Qe2
Kf8 35. g5 Qf5 36. Qg4 Qxg4+ 37. hxg4 hxg5 38. Rh3 Ke7 39. Bxg7 f6 40. Bh6 Rg8
41. fxg5 Bxg5 42. Bxg5 Rxg5 43. Rh7+ Ke8 44. Rh4 Re5 45. Kf2 Re4 46. b3 a4 47.
bxa4 Rxc4 48. Rh7 Rxa4 49. Rb7 Rxg4 50. Rxb6 Kd7 51. Rb7+ Kc8 52. Rb6 Kc7 53.
Rc6+ Kd7 54. b6 Rd4 55. Rc7+ Kd8 56. Rc6 Kd7 57. Rc7+ 1/2-1/2

[Event "4NCL/Div3/BRJ vs. BRI2"]
[Site "Coventry ENG"]
[Date "2006.11.12"]
[Round "4.7"]
[White "Tomboline, David"]
[Black "Bromilow, Edward"]
[Result "1/2-1/2"]
[WhiteElo "1975"]
[BlackElo "1965"]
[PlyCount "123"]
[EventDate "2006.11.12"]
[EventType "team"]
[EventRounds "11"]
[EventCountry "ENG"]
[WhiteTeam "Brown Jack"]
[BlackTeam "Bristol 2"]

1. d4 Nf6 2. Bf4 e6 3. e3 b6 4. Nf3 Bb7 5. Bd3 c5 6. c3 g6 7. Nbd2 d5 8. Bxb8
Qxb8 9. Bb5+ Ke7 10. Ne5 Qc7 11. O-O a6 12. Bd3 Bg7 13. Ng4 Nxg4 14. Qxg4 f5
15. Qh3 Raf8 16. f4 c4 17. Be2 Bc6 18. Nf3 Bd7 19. Ne5 Kd8 20. b3 Bxe5 21. fxe5
b5 22. Qh4+ Kc8 23. bxc4 dxc4 24. Bf3 h6 25. Qe7 g5 26. a4 Re8 27. Qb4 g4 28.
Be2 Bc6 29. axb5 Bxb5 30. Bd1 Qe7 31. Qb2 Qb7 32. Ba4 Bxa4 33. Qxb7+ Kxb7 34.
Rxa4 Rc8 35. Rb1+ Ka7 36. Rbb4 Rc6 37. Rxc4 Rhc8 38. Rxc6 Rxc6 39. c4 Kb6 40.
Kf2 a5 41. g3 Rc8 42. e4 fxe4 43. Ke3 Rf8 44. Ra2 Rf1 45. Kxe4 Rc1 46. Kd3 Rd1+
47. Rd2 Re1 48. Rb2+ Kc7 49. Rb5 a4 50. Ra5 Ra1 51. d5 exd5 52. cxd5 a3 53. Kc2
Kb6 54. Ra8 a2 55. Kb2 Re1 56. e6 Kc5 57. Ra5+ Kb4 58. Rxa2 Re2+ 59. Kc1 Rxa2
60. d6 Kc3 61. Kb1 Rb2+ 62. Kc1 1/2-1/2

[Event "4NCL/Div3/BRJ vs. BRI2"]
[Site "Coventry ENG"]
[Date "2006.11.12"]
[Round "4.8"]
[White "Owens, Megan"]
[Black "Thomas, Nicola D"]
[Result "1/2-1/2"]
[WhiteElo "1760"]
[BlackElo "1910"]
[PlyCount "61"]
[EventDate "2006.11.12"]
[EventType "team"]
[EventRounds "11"]
[EventCountry "ENG"]
[WhiteTeam "Bristol 2"]
[BlackTeam "Brown Jack"]

1. d4 d5 2. c4 c6 3. Nf3 Nf6 4. e3 Bg4 5. cxd5 cxd5 6. Qb3 Qc7 7. Bd2 Nc6 8.
Bb5 e6 9. Ne5 Bd6 10. Nxg4 Nxg4 11. h3 Nf6 12. Bb4 Bxb4+ 13. Qxb4 a6 14. Bxc6+
Qxc6 15. Nc3 Rc8 16. O-O Qd7 17. Rac1 Rc4 18. Qa3 Qe7 19. Qxe7+ Kxe7 20. b3 Rc6
21. Na4 Rhc8 22. Rxc6 Rxc6 23. Nc5 Rc7 24. f3 Nd7 25. b4 Nxc5 26. bxc5 Kd7 27.
Rb1 Kc8 28. a4 Rc6 29. a5 Kc7 30. Kf2 e5 31. g4 1/2-1/2

[Event "4NCL/Div3/MIN vs. WES2"]
[Site "Coventry ENG"]
[Date "2006.11.12"]
[Round "4.1"]
[White "Hardman, Michael J"]
[Black "Ferrington, Nigel M"]
[Result "1/2-1/2"]
[WhiteElo "2151"]
[BlackElo "2110"]
[PlyCount "37"]
[EventDate "2006.11.12"]
[EventType "team"]
[EventRounds "11"]
[EventCountry "ENG"]
[WhiteTeam "Mind Sports"]
[BlackTeam "Wessex 2"]

1. e4 c5 2. Nf3 d6 3. d4 cxd4 4. Nxd4 Nf6 5. Nc3 a6 6. Be2 e5 7. Nb3 Be7 8. a4
O-O 9. Be3 Be6 10. O-O Qc7 11. f4 exf4 12. Bxf4 Nc6 13. Kh1 Rfd8 14. Nd4 Nxd4
15. Qxd4 Rac8 16. Bf3 Qc5 17. Be3 Qxd4 18. Bxd4 Nd7 19. Rf2 1/2-1/2

[Event "4NCL/Div3/MIN vs. WES2"]
[Site "Coventry ENG"]
[Date "2006.11.12"]
[Round "4.2"]
[White "Rutter, Nicholas"]
[Black "Almond, Richard"]
[Result "1-0"]
[WhiteElo "2167"]
[BlackElo "2124"]
[PlyCount "31"]
[EventDate "2006.11.12"]
[EventType "team"]
[EventRounds "11"]
[EventCountry "ENG"]
[WhiteTeam "Wessex 2"]
[BlackTeam "Mind Sports"]

1. e4 d5 2. exd5 Qxd5 3. Nc3 Qa5 4. d4 c6 5. Nf3 Nf6 6. Bc4 Bf5 7. Bd2 e6 8.
Nd5 Qd8 9. Nxf6+ Qxf6 10. Qe2 Nd7 11. O-O-O Nb6 12. Bg5 Qg6 13. h4 Nxc4 14. h5
Bd3 15. cxd3 Qf5 16. dxc4 1-0

[Event "4NCL/Div3/MIN vs. WES2"]
[Site "Coventry ENG"]
[Date "2006.11.12"]
[Round "4.3"]
[White "Edwards, Ray B"]
[Black "Gregory, Keith D"]
[Result "1-0"]
[WhiteElo "2121"]
[BlackElo "2069"]
[PlyCount "81"]
[EventDate "2006.11.12"]
[EventType "team"]
[EventRounds "11"]
[EventCountry "ENG"]
[WhiteTeam "Mind Sports"]
[BlackTeam "Wessex 2"]

1. d4 d6 2. e4 g6 3. Nc3 c6 4. a4 a5 5. Nge2 Bg7 6. h3 Na6 7. g3 Nf6 8. Bg2 O-O
9. O-O Nb4 10. Be3 d5 11. e5 Ne8 12. Qd2 f5 13. h4 Rf7 14. Nf4 Bf8 15. Nh3 e6
16. Ne2 Ng7 17. c3 Na6 18. Bf3 Rc7 19. Kg2 h5 20. Bg5 Qe8 21. Bf6 Kh7 22. Ng5+
Kg8 23. Nf4 Rd7 24. Be2 Nc7 25. b4 Be7 26. b5 cxb5 27. axb5 b6 28. Rab1 Bb7 29.
Bf3 Rb8 30. Rfc1 Ba8 31. Qe2 Bb7 32. c4 dxc4 33. Bxb7 Rxb7 34. Qxc4 Nd5 35.
Nxd5 exd5 36. Qc8 Rb8 37. Qxe8+ Nxe8 38. Bxe7 Rxe7 39. Rc6 Rc7 40. Rbc1 Rbc8
41. Rxg6+ 1-0

[Event "4NCL/Div3/MIN vs. WES2"]
[Site "Coventry ENG"]
[Date "2006.11.12"]
[Round "4.4"]
[White "Tunks, Dominic"]
[Black "Ackley, Peter"]
[Result "0-1"]
[WhiteElo "2115"]
[BlackElo "2111"]
[PlyCount "78"]
[EventDate "2006.11.12"]
[EventType "team"]
[EventRounds "11"]
[EventCountry "ENG"]
[WhiteTeam "Wessex 2"]
[BlackTeam "Mind Sports"]

1. e4 e6 2. d3 d5 3. Nd2 c5 4. g3 Bd6 5. Bg2 Ne7 6. Ne2 Nbc6 7. O-O O-O 8. h3
b5 9. exd5 exd5 10. Nc3 Be5 11. Nxb5 Rb8 12. Nc3 Be6 13. Nf3 Bc7 14. b3 c4 15.
Ne2 Bb6 16. Bb2 Nf5 17. Kh2 f6 18. Nf4 Bf7 19. h4 g5 20. Bh3 Nxg3 21. fxg3 gxf4
22. gxf4 Qd6 23. Qd2 cxd3 24. cxd3 d4 25. Bf5 Bh5 26. Rac1 Ba5 27. Qf2 Qxf4+
28. Qg3+ Qxg3+ 29. Kxg3 Ne7 30. Be6+ Bf7 31. Nxd4 Bb6 32. Rxf6 Bxe6 33. Nxe6
Nf5+ 34. Kg4 Ne3+ 35. Kf3 Rxf6+ 36. Bxf6 Kf7 37. Bd4 Nf5 38. Ng5+ Kg6 39. Bxb6
Rxb6 0-1

[Event "4NCL/Div3/MIN vs. WES2"]
[Site "Coventry ENG"]
[Date "2006.11.12"]
[Round "4.5"]
[White "Parker, Robert"]
[Black "Vause, Jonathan"]
[Result "1/2-1/2"]
[WhiteElo "2086"]
[BlackElo "2040"]
[PlyCount "31"]
[EventDate "2006.11.12"]
[EventType "team"]
[EventRounds "11"]
[EventCountry "ENG"]
[WhiteTeam "Mind Sports"]
[BlackTeam "Wessex 2"]

1. d4 Nf6 2. c4 e6 3. Nc3 c5 4. Nf3 cxd4 5. Nxd4 a6 6. e3 b6 7. Be2 Bb7 8. Bf3
Qc7 9. O-O d6 10. Qa4+ Nbd7 11. Bxb7 Qxb7 12. Bd2 Be7 13. Qc6 Qxc6 14. Nxc6 Rc8
15. Nxe7 Kxe7 16. b3 1/2-1/2

[Event "4NCL/Div3/MIN vs. WES2"]
[Site "Coventry ENG"]
[Date "2006.11.12"]
[Round "4.6"]
[White "Pym, Thomas W"]
[Black "Hawkins, Nick"]
[Result "1/2-1/2"]
[WhiteElo "2080"]
[BlackElo "2022"]
[PlyCount "64"]
[EventDate "2006.11.12"]
[EventType "team"]
[EventRounds "11"]
[EventCountry "ENG"]
[WhiteTeam "Wessex 2"]
[BlackTeam "Mind Sports"]

1. e4 e5 2. Nf3 Nc6 3. Bb5 a6 4. Ba4 Nf6 5. Qe2 b5 6. Bb3 Be7 7. c3 d6 8. O-O
Na5 9. Bc2 c5 10. Rd1 Qc7 11. d3 Nc6 12. Nbd2 O-O 13. Nf1 d5 14. Ne3 Rd8 15.
exd5 Nxd5 16. Nxd5 Rxd5 17. d4 exd4 18. Bxh7+ Kf8 19. Be4 Rh5 20. cxd4 cxd4 21.
Bf4 Qxf4 22. Bxc6 Rb8 23. Rxd4 Qc7 24. Rad1 Be6 25. Bd7 Bf6 26. Bxe6 Bxd4 27.
Bg4 Re8 28. Qd2 Rd8 29. Bxh5 Bxf2+ 30. Qxf2 Rxd1+ 31. Ne1 Rxe1+ 32. Qxe1 Qc5+
1/2-1/2

[Event "4NCL/Div3/MIN vs. WES2"]
[Site "Coventry ENG"]
[Date "2006.11.12"]
[Round "4.7"]
[White "Twitchell, Neville H"]
[Black "Marsh, Roger"]
[Result "0-1"]
[WhiteElo "1994"]
[BlackElo "2054"]
[PlyCount "78"]
[EventDate "2006.11.12"]
[EventType "team"]
[EventRounds "11"]
[EventCountry "ENG"]
[WhiteTeam "Mind Sports"]
[BlackTeam "Wessex 2"]

1. e4 c6 2. d4 d5 3. f3 g6 4. Nc3 Bg7 5. Be3 dxe4 6. fxe4 Nf6 7. Nf3 O-O 8. Bc4
b5 9. Bd3 Ng4 10. Bg1 e5 11. Be2 exd4 12. Bxd4 Bxd4 13. Qxd4 Qxd4 14. Nxd4 Ne5
15. O-O Nbd7 16. b4 a6 17. a4 Bb7 18. axb5 axb5 19. Nb3 Rxa1 20. Rxa1 Ra8 21.
Na5 Bc8 22. Rd1 Ra7 23. Rd6 Rc7 24. Kf2 Kf8 25. Ke3 Ke7 26. Rd2 Nb6 27. Kf4 f6
28. g4 g5+ 29. Kg3 Rd7 30. Rxd7+ Kxd7 31. Nd1 Kc7 32. Ne3 Be6 33. Nf5 Bxf5 34.
gxf5 Na4 35. Kf2 Nc3 36. Ke3 Na2 37. Kd4 Nxb4 38. c3 Nc2+ 39. Kc5 Nd7# 0-1

[Event "4NCL/Div3/MIN vs. WES2"]
[Site "Coventry ENG"]
[Date "2006.11.12"]
[Round "4.8"]
[White "Hutchinson, Joanne"]
[Black "Chadwick, Susan E"]
[Result "1/2-1/2"]
[WhiteElo "1715"]
[BlackElo "1620"]
[PlyCount "68"]
[EventDate "2006.11.12"]
[EventType "team"]
[EventRounds "11"]
[EventCountry "ENG"]
[WhiteTeam "Wessex 2"]
[BlackTeam "Mind Sports"]

1. d4 d5 2. c4 c6 3. Nf3 Nf6 4. Nc3 Bf5 5. cxd5 cxd5 6. Bf4 e6 7. Qb3 Qb6 8.
Qa4+ Nc6 9. Nb5 Bb4+ 10. Nd2 Bxd2+ 11. Bxd2 O-O 12. Bc3 Ne4 13. e3 a6 14. Na3
Nxc3 15. bxc3 Qb2 16. Rd1 Qxc3+ 17. Rd2 b5 18. Qb3 Qa5 19. Nb1 Rfc8 20. Kd1 Qb6
21. Bd3 Na5 22. Qb4 Bxd3 23. Rxd3 Rc4 24. Qe7 Rac8 25. Ke2 b4 26. Rhd1 b3 27.
axb3 Nxb3 28. Kf3 Qc6 29. Rxb3 Qa4 30. Rdd3 R4c6 31. Rb7 Rf8 32. Rdb3 Rcc8 33.
Nc3 Qe8 34. Qxe8 Rfxe8 1/2-1/2

[Event "4NCL/Div3/PAP vs. CHEDP"]
[Site "Coventry ENG"]
[Date "2006.11.12"]
[Round "4.1"]
[White "Summerscale, Aaron"]
[Black "Bellin, Robert"]
[Result "1/2-1/2"]
[WhiteElo "2484"]
[BlackElo "2381"]
[PlyCount "23"]
[EventDate "2006.11.12"]
[EventType "team"]
[EventRounds "11"]
[EventCountry "ENG"]
[WhiteTeam "Pride+Prejudice"]
[BlackTeam "Cheddleton"]

1. Nf3 Nf6 2. d4 e6 3. e3 b6 4. Bd3 Bb7 5. O-O Be7 6. c4 O-O 7. Nc3 d5 8. b3
dxc4 9. Bxc4 c5 10. dxc5 Bxc5 11. Bb2 Qe7 12. Qe2 1/2-1/2

[Event "4NCL/Div3/PAP vs. CHEDP"]
[Site "Coventry ENG"]
[Date "2006.11.12"]
[Round "4.2"]
[White "Wallace, Paul A"]
[Black "Sheldon, Ruth"]
[Result "1/2-1/2"]
[WhiteElo "2242"]
[BlackElo "2264"]
[PlyCount "62"]
[EventDate "2006.11.12"]
[EventType "team"]
[EventRounds "11"]
[EventCountry "ENG"]
[WhiteTeam "Cheddleton"]
[BlackTeam "Pride+Prejudice"]

1. e4 c5 2. Nf3 e6 3. d4 cxd4 4. Nxd4 Nc6 5. Nc3 Qc7 6. Be3 a6 7. Bd3 Nf6 8.
O-O Ne5 9. Nf3 Bc5 10. Bxc5 Qxc5 11. Nxe5 Qxe5 12. f4 Qc5+ 13. Kh1 d6 14. Qf3
h5 15. Rae1 Bd7 16. e5 Bc6 17. Qg3 h4 18. Qh3 Nd7 19. exd6 O-O-O 20. Ne4 Bxe4
21. Rxe4 Kb8 22. f5 Ne5 23. fxe6 Nxd3 24. e7 Nf2+ 25. Rxf2 Qxf2 26. Qe3 Qxe3
27. Rxe3 Rxd6 28. e8=Q+ Rxe8 29. Rxe8+ Ka7 30. h3 Rd2 31. Rc8 Rf2 1/2-1/2